Normal view
MARC view
- Miret, Maia F.
Entry Nombre Personal
001 - NUMERO DE CONTROL
- campo de control: 33377
003 - IDENTIFICADOR DE NUMERO DE CONTROL
- campo de control: DLC
005 - FECHA Y HORA DE LA ÜLTIMA TRANSACCIÓN
- campo de control: 20220921093018.0
008 - DATOS DE LONGITUD FIJA
- campo de control de longitud fija: 220921n| azannaabn n aaa c
010 ## - NÚMERO DE CONTROL DE LA BIBLIOTECA DEL CONGRESO
- Número de control LC: no2009079645
035 ## - NUMERO DE CONTROL
- Número de control: (OCoLC)oca08118524
040 ## - FUENTE DE CATALOGACIÓN
- Agencia original de catalogación: MX-MxITA
- Lenguaje de catalogación: spa
- Description conventions: rda
- Agencia de transcripción: MX-MxITA
- Agencia que lo modifica: IlMpPL
- Agencia que lo modifica: ICrlF
- Agencia que lo modifica: MX-MxUPN
100 1# - ENCABEZAMIENTO - NOMBRE PERSONAL
- Nombre personal: Miret, Maia F.
372 ## - CAMPO DE ACTIVIDAD
- Field of activity: Traducción e interpretación
- Fuente del término: lcsh
374 ## - OCUPACIÓN
- Occupation: Traductora
- Fuente del término: lcsh
670 ## - FUENTE EN LA QUE SE LOCALIZARON DATOS
- Cita de la fuente: La librería como negocio, 2004:
- Información localizada: portada (tr. de Maia F. Miret)
902 ## - CATALOGADOR
- Catalogador: NDAF/210922
